-
UDDIN, DR, REHAN & RAJAWAT, DR. J.S. AND NARUKA, DR. P.S
Entry Personal Name
Number of records used in: 1
001 - CONTROL NUMBER
003 - CONTROL NUMBER IDENTIFIER
005 - DATE AND TIME OF LATEST TRANSACTION
- control field:
20251124103031.0
008 - FIXED-LENGTH DATA ELEMENTS
- fixed length control field:
251124|| aca||aabn | a|a d
040 ## - CATALOGING SOURCE
- Original cataloging agency:
JRU
- Transcribing agency:
JRU
100 ## - HEADING--PERSONAL NAME
- Personal name:
UDDIN, DR, REHAN & RAJAWAT, DR. J.S. AND NARUKA, DR. P.S
670 ## - SOURCE DATA FOUND
- Source citation:
Work cat.: (JRU)8966: UDDIN, DR, REHAN & RAJAWAT, DR. J.S. AND NARUKA, DR. P.S, NOVAL DRUG DELIVERY SYSTEM: AS PER SYLLABUS OF PCI , FPR B PHARMA 4TH YEAR [ 7TH SEM], 2024